| 000 | 00520nam a22001817a 4500 | ||
|---|---|---|---|
| 005 | 20251108164808.0 | ||
| 008 | 250721s1999 xx 000 0 ara d | ||
| 082 | 1 | 4 | _a616.08/فرخ |
| 100 | 1 |
_aالفرخ، كاملة _eمؤلف |
|
| 245 | 1 | 0 | _aالصحة النفسية للطفل / |
| 264 | 1 |
_aعمان : _bدار صفاء، _c1999. |
|
| 300 | _a201ص. | ||
| 650 | 1 | 7 | _aالطب النفسي |
| 650 | 1 | 7 | _aالصحة النفسية |
| 700 | 1 | _aتيم، عبد الجابر | |
| 942 |
_2ddc _cBK |
||
| 999 |
_c14557 _d14557 |
||